000 01143nam a2200241Ia 4500
003 OSt
005 20210901165035.0
008 210310s1998 ck fr 000 0 spa d
040 _aCO-JMCR
_cCO-JMCR
041 0 _aspa
082 0 4 _a339.22 /
_bL525a
_223
100 1 _aLeibovich, José,
_917425
_eautor
245 1 0 _aAnálisis de los cambios en la distribución del ingreso rural en Colombia (1988-1995) /
_cJosé Leibovich
260 _aBogotá :
_bUniversidad de los Andes,
_c1998
300 _a25 páginas ;
_c28 cm.
490 9 _aDocumento Cede ;
_v98-09
500 _aIncluye notas a pie de página.
505 0 _aRevisión de la literatura sobre la distribución del ingreso en el sector rural colombiano -- Evolución de la distribución del ingreso rural familiar y percapita (1988-1995) -- Metodología de descomposición de los cambios en la distribución del ingreso -- Análisis de la evolución de la distribución del ingreso laboral entre 1988-1992 y 1995
650 1 4 _aDistribución del ingreso rural
_917427
_zColombia
650 2 4 _aPolítica económica
_zColombia
_939890
650 2 4 _aPobreza
_939891
942 _2ddc
_cBK
999 _c8491
_d8491